Catalog

Record Details

Catalog Search



Ježíš Kristus : historie jeho utrpení, smrti a vzkříšení podle všech čtyř evangelií II. díl Cover Image Book Book

Ježíš Kristus : historie jeho utrpení, smrti a vzkříšení podle všech čtyř evangelií F. Žilka II. díl

Žilka, František (Author).

Record details

  • Physical Description: 263 s.
  • Edition: 1. vyd.
  • Publisher: Praha Kalich 1947

Available copies

  • 2 of 2 copies available at Common Catalog SPOK.

Holds

  • 0 current holds with 2 total copies.
Show All Copies
Location Call Number / Copy Notes Barcode Shelving Location Status Due Date
ETS Library 232 424470002339 Volný výběr Available -
ETS Library 232 424470008466 Volný výběr Available -

LDR 00805nam a2 00253
00140016
003CZ-PrJAB
00520030627000000.0
008001201s1947 xr e |||| |cze
009cz
035 . ‡a(CONS)4626
035 . ‡aKPS7746
040 . ‡aABG450
041 . ‡acze
08214. ‡a232
100 . ‡75505 ‡aŽilka, František
245 . ‡aJežíš Kristus : ‡bhistorie jeho utrpení, smrti a vzkříšení podle všech čtyř evangelií ‡cF. Žilka ‡nII. díl
250 . ‡a1. vyd.
260 . ‡aPraha ‡bKalich ‡c1947
300 . ‡a263 s.
653 . ‡aJežíš Kristus historie jeho utrpení, smrti a vzkříšení podle všech čtyř evangelií
8524 . ‡bETS ‡bETS ‡cVolný výběr ‡j232 ‡gA ‡p424470008466
8524 . ‡bETS ‡bETS ‡cVolný výběr ‡j232 ‡gA ‡p424470002339
910 . ‡aABG450
999 . ‡a4626 ‡bAUTOGEN ‡c4626 ‡tbiblio
905 . ‡uadmin
901 . ‡a40016 ‡b ‡c40016 ‡tbiblio ‡sets

Additional Resources